000 00549nam a2200181Ia 4500
008 151018s9999 xx 000 0 und d
082 _bRBASDV21926
_a891.463
100 _aउषा प्रधान
245 _aभेटीलागी जीवा
250 _b1
260 _bउद्गार
_c1986
300 _a108
600 _aउषा प्रधान
630 _aभेटीलागी जीवा
700 _aउषा प्रधान
730 _aभेटीलागी जीवा
942 _cBOOK
999 _c1021600
_d1021597